000 00584nam a2200205Ia 4500
003 OSt
005 20230401120151.0
008 210423s2003 xx 000 0 und d
020 _a8176493767
040 _cAL
041 _aeng
082 _a302.2 MCKC
100 _aMCKENNA (Colleen).
_981739
245 _aPowerfull communication skills: how to communicate with confidence.
260 _aNew Delhi
_bViva Books Pvt Ltd
_c2003
300 _a118
_bPB
365 _b95
_cINR
906 _acommunicate ; communication ; confidence. ; how ; Powerfull ; skills:
942 _2ddc
_cBK
999 _c157848
_d157848